[Event "ICS rated blitz match"]
[Site "207.99.83.227"]
[Date "1999.03.26"]
[Round "?"]
[White "jo"]
[Black "Hossa"]
[Result "1-0"]
[WhiteElo "2428"]
[BlackElo "2524"]
[Annotator "Crafty v16.6"]
[PlyCount "123"]

{annotating for player Hossa using a scoring margin of +0.10 pawns. search
time limit is 12.00} 1. e4 1... e5 2. Nf3 Nc6 3. Bb5 a6 4. Ba4 Nf6 5. Qe2 b5 6.
Bb3 Bc5 7. O-O O-O 8. c3 d6 9. d3 Be6 ({8:-0.84} 9... Be6 10. Bxe6 fxe6 11. Bg5
d5 12. Re1 Qd6 13. exd5 Nxd5 14. Nbd2 $16) ({8:-0.35} 9... b4 10. Bg5 bxc3 11.
bxc3 Rb8 12. Bd5 Bb7 13. c4 13... Nd4 $14) 10. Bc2 Qe7 ({8:-0.24} 10... Qe7 11.
b4 Ba7 12. a4 d5 13. Na3 bxa4 14. Bxa4 14... Qd6 $10) ({8:+0.02} 10... d5 11.
Nbd2 Bb6 12. a4 Qd6 13. b4 d4 14. Bb2 dxc3 15. Bxc3 $10) 11. Bg5 Rae8 ({8:-0.33
} 11... Rae8 12. b4 Bb6 13. a4 h6 14. Bh4 d5 15. a5 $14) ({8:-0.12} 11... h6
12. Bh4 g5 13. b4 Bxb4 14. cxb4 gxh4 15. a3 $10) 12. Nbd2 a5 ({9:-0.60} 12...
a5 13. a4 b4 14. c4 Nd4 15. Nxd4 Bxd4 16. Rab1 Bg4 17. Nf3 $14) ({9:-0.15} 
12... h6 13. Bxf6 Qxf6 14. b4 Bb6 15. a4 Qf4 16. a5 Ba7 17. Rae1 $10) 13. a4 b4
14. Nc4 Bxc4 15. dxc4 bxc3 16. bxc3 Qe6 17. h3 Nh5 18. Kh1 Nf4 19. Bxf4 exf4
20. Qd2 Qf6 21. Rab1 Rb8 22. Rb5 Rfe8 23. Rfb1 Ra8 24. Rb7 Re7 25. R7b5 Rd8 26.
Ne1 Qh4 27. Nd3 f3 28. Qf4 fxg2+ 29. Kxg2 Rxe4 30. Qxh4 Rxh4 31. Nxc5 dxc5 32.
Rxc5 Nb8 33. Rxc7 Na6 34. Rc6 Nb8 35. Rc5 g6 36. Rxa5 Rxc4 37. Ra8 Rcc8 38. Be4
Rf8 39. a5 Nd7 40. Rxc8 Rxc8 41. a6 Nc5 42. Bb7 Rf8 43. Rb5 Ne6 44. a7 Nc7 45.
Rc5 Na8 46. Rc8 Rxc8 47. Bxc8 Kg7 48. Bb7 Nc7 49. a8=Q Nxa8 50. Bxa8 f5 51. Kf3
g5 52. Ke3 Kh6 53. c4 Kh5 54. c5 Kh4 55. c6 Kxh3 56. c7 Kh4 57. c8=Q Kg4 58.
f3+ Kg3 59. Qxf5 h6 60. Qg4+ Kh2 61. Kf2 h5 62. Qxh5# 1-0

[Event "ICS rated blitz match"]
[Site "207.99.83.227"]
[Date "1999.03.26"]
[Round "?"]
[White "Hossa"]
[Black "jo"]
[Result "1-0"]
[WhiteElo "2504"]
[BlackElo "2448"]
[PlyCount "53"]

1. e4 c5 2. Bc4 e6 3. Nc3 a6 4. a4 b6 5. Nf3 Bb7 6. O-O d6 7. d4 cxd4 8. Nxd4
Nd7 9. Qe2 Qc7 10. Bd2 Ngf6 11. Bg5 Be7 12. Bxe6 fxe6 13. Nxe6 Qc8 14. Nxg7+
Kf7 15. Nf5 h5 16. Rad1 Qc5 17. Rde1 Ne5 18. h4 Qc4 19. Bxf6 Qxe2 20. Rxe2 Kxf6
21. Rd1 Rhd8 22. Nd5+ Bxd5 23. Rxd5 Rac8 24. f4 Nf7 25. Ng3 Rc5 26. b4 Rh8 27.
bxc5 {jo resigns} 1-0

[Event "ICS rated blitz match"]
[Site "207.99.83.227"]
[Date "1999.03.26"]
[Round "?"]
[White "Hossa"]
[Black "Brooklynblues"]
[Result "1-0"]
[WhiteElo "2517"]
[BlackElo "2420"]
[PlyCount "37"]

1. e4 c5 2. Bc4 e6 3. Nc3 a6 4. a4 Nc6 5. Nf3 Qc7 6. O-O Nf6 7. d4 cxd4 8. Nxd4
Bc5 9. Nde2 Ng4 10. Ng3 h5 11. Bd2 Nxf2 12. Rxf2 h4 13. Nh5 Bxf2+ 14. Kxf2 Qxh2
15. Bf4 Rxh5 16. Bxh2 Rc5 17. Bd6 Rxc4 18. Qh5 Ne7 19. Qh8+ {
Brooklynblues resigns} 1-0

[Event "ICS rated bullet match"]
[Site "207.99.83.227"]
[Date "1999.03.26"]
[Round "?"]
[White "Hossa"]
[Black "Tim"]
[Result "1-0"]
[WhiteElo "2452"]
[BlackElo "2288"]
[PlyCount "67"]

1. e4 d5 2. exd5 Nf6 3. Bb5+ Bd7 4. Bc4 b5 5. Bb3 Bg4 6. f3 Bc8 7. Qe2 a6 8. c4
b4 9. Qe3 c6 10. dxc6 Nxc6 11. Ba4 Bd7 12. Ne2 e6 13. O-O Rc8 14. d4 Be7 15.
Bxc6 Bxc6 16. a3 a5 17. axb4 axb4 18. b3 O-O 19. Bb2 Qd7 20. Re1 Bd6 21. Nd2
Rfe8 22. Qg5 h6 23. Qh4 e5 24. d5 Bc5+ 25. Kh1 Bb7 26. Ne4 Nxe4 27. fxe4 Ra8
28. Rxa8 Bxa8 29. Rf1 f6 30. Bc1 Qd6 31. Bxh6 Kf7 32. Qh5+ g6 33. Qg4 Rh8 34.
Bg5 {Tim resigns} 1-0

[Event "ICS rated blitz match"]
[Site "207.99.83.227"]
[Date "1999.03.26"]
[Round "?"]
[White "WhiteHorse"]
[Black "Hossa"]
[Result "0-1"]
[WhiteElo "2369"]
[BlackElo "2529"]
[PlyCount "52"]

1. e4 e5 2. Nf3 Nc6 3. b3 Nf6 4. d3 Bb4+ 5. c3 Be7 6. Bb2 d5 7. exd5 Qxd5 8. g3
Bf5 9. c4 Bb4+ 10. Bc3 Qa5 11. Bxb4 Nxb4 12. Nbd2 Bxd3 13. Rc1 Qxa2 14. Bxd3
Nxd3+ 15. Kf1 Nxc1 16. Qxc1 e4 17. Ne5 Rd8 18. Nb1 Qxb3 19. Kg2 O-O 20. Re1 Qb4
21. Nc3 Rfe8 22. Nxe4 Nxe4 23. Rxe4 Qe7 24. f3 Qd6 25. Qg5 f6 26. Qh5 26...
Rxe5 {WhiteHorse resigns} 0-1

[Event "ICS rated blitz match"]
[Site "207.99.83.227"]
[Date "1999.03.26"]
[Round "?"]
[White "Hossa"]
[Black "WhiteHorse"]
[Result "1-0"]
[WhiteElo "2538"]
[BlackElo "2360"]
[PlyCount "69"]

1. e4 e5 2. Nf3 d6 3. Be2 c5 4. O-O Nc6 5. Nc3 g6 6. d3 Bg7 7. Bg5 f6 8. Be3
Nge7 9. Nd5 Nxd5 10. exd5 Ne7 11. c4 O-O 12. Qb3 f5 13. Rae1 f4 14. Bd2 Nf5 15.
Qb5 g5 16. h3 h5 17. Bc3 Rf6 18. Nxg5 Rg6 19. Nf7 Qe7 20. Bxh5 Rh6 21. Nxh6+
Bxh6 22. Bg4 Kh7 23. b4 Qg7 24. bxc5 f3 25. Bxf3 Nh4 26. Be4+ Bf5 27. Bxf5+
Nxf5 28. Rb1 b6 29. cxd6 Rg8 30. g4 Qxg4+ 31. hxg4 Rxg4+ 32. Kh1 Rh4+ 33. Kg2
Rg4+ 34. Kf3 Rf4+ 35. Ke2 {WhiteHorse resigns} 1-0

[Event "ICS rated blitz match"]
[Site "207.99.83.227"]
[Date "1999.03.26"]
[Round "?"]
[White "WhiteHorse"]
[Black "Hossa"]
[Result "1-0"]
[WhiteElo "2352"]
[BlackElo "2546"]
[Annotator "Crafty v16.6"]
[PlyCount "83"]

{annotating for player Hossa using a scoring margin of +0.10 pawns. search
time limit is 12.00} 1. d4 1... Nf6 2. e3 e6 3. Bd3 Be7 4. f4 O-O ({9:-0.17} 
4... O-O 5. c3 c5 6. Nf3 Nc6 7. Nbd2 cxd4 8. cxd4 Nb4 9. Bc4 $10) ({9:+0.12} 
4... c5 5. c3 Nc6 6. Nf3 cxd4 7. cxd4 Nb4 8. Nc3 Nxd3+ 9. Qxd3 Ng4 10. O-O $10)
5. Nf3 c5 6. O-O d5 ({8:-0.24} 6... d5 7. c3 Nc6 8. Nbd2 cxd4 9. cxd4 Ng4 10.
Qe2 10... Qd6 $10) ({8:+0.44} 6... cxd4 7. Nxd4 Nc6 8. Nc3 Nb4 9. Bb5 Bc5 10.
Bd2 10... Qe7 $15) 7. c3 b6 ({8:-0.36} 7... b6 8. Ng5 Nc6 9. Nd2 cxd4 10. cxd4
Bb7 11. Qf3 11... Rc8 $14) ({8:-0.19} 7... Nc6 8. Nbd2 cxd4 9. cxd4 Bd7 10. Nb3
Nb4 11. Ne5 Nxd3 12. Qxd3 $10) 8. Nbd2 Nc6 9. Qe2 Bb7 10. Ne5 Rc8 ({8:-0.24} 
10... Rc8 11. Nxc6 Bxc6 12. Nf3 cxd4 13. cxd4 Ne4 14. Ne5 Qd6 15. Nxc6 15...
Rxc6 $10) ({8:-0.04} 10... Nxe5 11. dxe5 Ne4 12. Nxe4 dxe4 13. Bb5 Bh4 14. Rd1
Bd5 15. Qh5 $10) 11. Rf3 cxd4 ({9:-0.09} 11... cxd4 12. Nxc6 Rxc6 13. cxd4 Qd6
14. Bb5 Rc7 15. Qd3 Rfc8 16. Nb3 $10) ({9:+0.05} 11... Nxe5 12. dxe5 c4 13. Bc2
Ng4 14. Rh3 Nh6 15. Qh5 Bc5 16. Rg3 $10) 12. exd4 Bd6 13. Rh3 Qe7 ({7:-5.19} 
13... Qe7 14. Bxh7+ Kh8 15. Bg6+ Kg8 16. Bxf7+ Qxf7 17. Nxf7 Rxf7 18. Qe3 $18)
({7:+0.17} 13... h6 14. Re3 Qe7 15. Rb1 Rfd8 16. a4 Nxe5 17. fxe5 $10) 14. g4
h6 ({8:-0.88} 14... h6 15. g5 hxg5 16. Nxc6 Bxc6 17. fxg5 Ne4 18. Nxe4 dxe4 19.
Bxe4 $16) ({8:+0.00} 14... g6 15. Rh6 Kg7 16. Rh3 16... Kg8 $10) 15. Rg3 Rc7 ({
7:-0.03} 15... Rc7 16. g5 hxg5 17. fxg5 Bxe5 18. dxe5 Qc5+ 19. Re3 Ng4 20. Nb3
$10) ({7:+0.11} 15... Nh7 16. Ndf3 a5 17. g5 hxg5 18. fxg5 Nxe5 19. dxe5 Bc5+
20. Nd4 $10) 16. h4 Ne4 17. Rh3 Nxd2 18. Bxd2 Rfc8 19. g5 Qe8 20. Rg3 hxg5 21.
hxg5 Ne7 22. g6 Bxe5 23. fxe5 fxg6 24. Rf1 Bc6 25. Rf2 Nf5 26. Bxf5 gxf5 27.
Rfg2 Bb5 28. Qf3 Rf7 29. Bh6 Rcc7 30. Qh5 Qd8 31. Bg5 Qf8 32. Rh3 Rfe7 33. Bf6
g6 34. Qxg6+ Rg7 35. Bxg7 Qxg7 36. Qxe6+ Kf8 37. Rxg7 Rxg7+ 38. Kf2 Rg8 39. Rh7
Rg2+ 40. Kxg2 Be8 41. Qe7+ Kg8 42. Qg7# 1-0

[Event "ICS rated blitz match"]
[Site "207.99.83.227"]
[Date "1999.03.26"]
[Round "?"]
[White "Hossa"]
[Black "jecare"]
[Result "0-1"]
[WhiteElo "2522"]
[BlackElo "2823"]
[Annotator "Crafty v16.6"]
[PlyCount "115"]

{annotating for player Hossa using a scoring margin of +0.10 pawns. search
time limit is 12.00} 1. e4 1... e5 2. Nf3 d6 3. Be2 ({8:+0.00} 3. Be2 3... c5
4. Nc3 Nc6 5. Bb5 Nf6 6. d3 Bg4 7. Bg5 $10) ({8:+0.21} 3. d4 3... exd4 4. Nxd4
d5 5. Qf3 Bc5 6. Nf5 Bxf5 7. Qxf5 7... Nf6 $10) 3... Nc6 4. Nc3 Nf6 5. d4 Bg4
6. d5 ({7:-0.06} 6. d5 6... Bxf3 7. Bxf3 Nd4 8. O-O Nxf3+ 9. Qxf3 Be7 10. Qf5
10... O-O $10) ({7:+0.10} 6. dxe5 6... dxe5 7. O-O Be7 8. Bb5 Qxd1 9. Bxc6+ Qd7
10. Bxd7+ 10... Nxd7 $10) 6... Bxf3 7. gxf3 Nd4 8. Be3 Nxe2 9. Qxe2 c6 10. Rg1
({9:+0.52} 10. Rg1 10... cxd5 11. Nxd5 Nxd5 12. Qb5+ Qd7 13. Qxd5 Qc6 14. Qxc6+
bxc6 15. O-O-O Kd7 16. Kd2 $14) ({9:+0.76} 10. dxc6 10... bxc6 11. Rg1 Qd7 12.
O-O-O Qb7 13. Qc4 Rb8 14. Na4 14... d5 $16) 10... Nh5 11. Rg5 ({9:+0.55} 11.
Rg5 11... g6 12. dxc6 bxc6 13. O-O-O Be7 14. Rg2 Qc7 15. Kb1 15... O-O $14) ({
9:+0.80} 11. dxc6 11... bxc6 12. O-O-O h6 13. Kb1 Qd7 14. Rg2 Qh3 15. Rdg1
15... Qe6 $16) 11... g6 12. dxc6 bxc6 13. Qa6 ({9:+0.32} 13. Qa6 13... Qc7 14.
O-O-O Bh6 15. Rg4 Bf4 16. Qd3 Nf6 17. Rg2 $14) ({9:+0.78} 13. Qc4 13... Qc8 14.
O-O-O Be7 15. Rg2 Qd7 16. Kb1 Nf4 17. Bxf4 17... exf4 $16) 13... Qc7 14. Qa4 ({
9:-0.11} 14. Qa4 14... Bh6 15. Rg2 Bxe3 16. fxe3 Rb8 17. Qa3 O-O 18. O-O-O
18... Rfd8 $10) ({9:+0.40} 14. O-O-O 14... Bh6 15. Rg4 Bf4 16. Qc4 Qd7 17. Rg2
O-O 18. Kb1 $14) 14... Bh6 15. Rxh5 ({10:-0.59} 15. Rxh5 15... Bxe3 16. Rh3 Bd4
17. Qc4 O-O 18. Qd3 Qa5 19. O-O-O Bxc3 20. Qxc3 Qxa2 21. Rxd6 $15) ({10:-0.02} 
15. Rg2 15... Bxe3 16. fxe3 Qb6 17. Nd5 Qb7 18. Nb4 O-O 19. O-O-O Rab8 20. Nd3
$10) 15... Bxe3 16. Nd5 Qb7 17. Rh4 Bg5 18. Rg4 O-O 19. Rxg5 cxd5 20. Qb3 Rfb8
21. Qxb7 Rxb7 22. O-O-O d4 23. a3 f6 24. Rg4 Rc8 25. Rg2 Kf7 26. f4 Ke6 27.
fxe5 dxe5 28. Rg3 a5 29. Rh3 f5 30. exf5+ Kxf5 31. Rf3+ Kg4 32. Rfd3 Kf4 33.
Re1 g5 34. h3 a4 35. Rg3 h5 36. Re2 e4 37. Rd2 Rc4 38. Rg1 d3 39. Kb1 Rxc2 40.
Rxc2 dxc2+ 41. Kxc2 Rb3 42. Rh1 h4 43. Kc1 Kf3 44. Re1 g4 45. hxg4 h3 46. g5 h2
47. g6 Kg2 48. g7 Rb8 49. Kd2 Rg8 50. Ke2 Rxg7 51. Ke3 Rf7 52. Rb1 Rxf2 53. Rd1
Rxb2 54. Rd6 h1=Q 55. Rg6+ Kf1 56. Ra6 Qf3+ 57. Kd4 Rb5 58. Rf6 0-1

[Event "ICS rated bullet match"]
[Site "207.99.83.227"]
[Date "1999.03.26"]
[Round "?"]
[White "TDChess"]
[Black "Hossa"]
[Result "1-0"]
[WhiteElo "2539"]
[BlackElo "2461"]
[Annotator "Crafty v16.6"]
[PlyCount "71"]

{annotating for player Hossa using a scoring margin of +0.10 pawns. search
time limit is 12.00} 1. Nf3 1... Nc6 2. e4 Nf6 3. e5 Ng4 4. d4 d6 5. Bb5 dxe5
6. h3 e4 7. hxg4 exf3 8. Bxc6+ bxc6 9. Qxf3 Bb7 10. Be3 Rb8 ({9:-0.49} 10...
Rb8 11. Nc3 e6 12. O-O-O Bb4 13. Rd3 O-O 14. Qe4 14... h6 $14) ({9:-0.26} 10...
e6 11. Nd2 Qd5 12. Rh5 Qxf3 13. Nxf3 Bb4+ 14. Bd2 Be7 15. Ng5 15... Rd8 $10)
11. Nc3 e6 12. O-O-O Bb4 13. Bf4 c5 14. Qg3 Bxc3 ({8:-1.87} 14... Bxc3 15. Bxc7
Bxb2+ 16. Kxb2 Bxg2+ 17. Bxb8 Bxh1 18. Rxh1 Qb6+ 19. Kc1 19... cxd4 $18) ({
8:-1.45} 14... Rc8 15. dxc5 Qf6 16. Be5 Qg5+ 17. f4 Qg6 18. Nb5 O-O 19. Nxa7
$16) 15. Qxc3 Bxg2 16. Rh5 Bd5 17. Qxc5 Rb7 18. Re1 Bf3 19. Re3 Bg2 20. f3 Qd7
21. Rc3 c6 22. Qc4 a5 23. Qe2 Qxd4 24. Be3 Qd6 25. Rxa5 Qd8 26. Rca3 Bh3 27.
Rh5 Bxg4 28. fxg4 Qb8 29. Qf3 Rxb2 30. Qxc6+ Kf8 31. Ra8 Rb1+ 32. Kd2 Ke7 33.
Bc5+ Kd8 34. Rh3 Rb3 35. Rxb8+ Rxb8 36. Rd3# 1-0

[Event "ICS rated blitz match"]
[Site "207.99.83.227"]
[Date "1999.03.26"]
[Round "?"]
[White "Hossa"]
[Black "EXchess"]
[Result "1-0"]
[WhiteElo "2518"]
[BlackElo "2472"]
[PlyCount "93"]

1. e4 c5 2. Bc4 Nc6 3. a3 Nf6 4. Nc3 Ne5 5. Ba2 d6 6. Nge2 e6 7. d4 cxd4 8.
Nxd4 Be7 9. O-O O-O 10. Bf4 Ng6 11. Be3 d5 12. exd5 exd5 13. Qd2 Re8 14. Rae1
Ne4 15. Nxe4 dxe4 16. Qe2 Bf6 17. c3 Ne5 18. Bb1 Qd5 19. Bc1 Ng6 20. Bxe4 Qd7
21. Qd1 Nf8 22. Qh5 Re7 23. Bd5 Qe8 24. Rxe7 Qxe7 25. Be3 Ng6 26. Re1 a5 27.
Bd2 Qd7 28. Bc4 a4 29. Bb5 Qd6 30. Re8+ Nf8 31. Nf3 Bd8 32. Ne5 Be6 33. Bf4 Qb6
34. Bc4 Bh4 35. Be3 Qxb2 36. Rxa8 Bxc4 37. h3 Qb1+ 38. Kh2 Qb5 39. Qxh4 Qxe5+
40. Bf4 Qc5 41. Qg3 Qc6 42. Bd6 h6 43. Bxf8 Qg6 44. Qxg6 fxg6 45. Bc5+ Kf7 46.
Rxa4 Bd5 47. Rf4+ {EXchess resigns} 1-0

[Event "ICS rated blitz match"]
[Site "207.99.83.227"]
[Date "1999.03.26"]
[Round "?"]
[White "EXchess"]
[Black "Hossa"]
[Result "1-0"]
[WhiteElo "2458"]
[BlackElo "2532"]
[Annotator "Crafty v16.6"]
[PlyCount "105"]

{annotating for player Hossa using a scoring margin of +0.10 pawns. search
time limit is 12.00} 1. d4 1... Nf6 2. c4 g6 3. Nc3 Bg7 4. e4 d6 5. f3 O-O 6.
Be3 Nbd7 7. Qd2 c5 8. d5 Nb6 9. O-O-O Nfd7 ({9:-0.03} 9... Nfd7 10. Bh6 Bxh6
11. Qxh6 Ne5 12. b3 Bd7 13. Nge2 Qc7 14. Kb1 $10) ({9:+0.10} 9... e6 10. dxe6
Bxe6 11. b3 Ne8 12. Nge2 Qf6 13. Bf4 Rd8 14. Bh6 Bxh6 15. Qxh6 $10) 10. Bf4
Bxc3 ({9:-0.89} 10... Bxc3 11. Qxc3 Re8 12. Be2 Ne5 13. Bxe5 dxe5 14. Qxe5 Nd7
15. Qg5 15... Qc7 $16) ({9:+0.11} 10... Ne5 11. b3 Nbd7 12. Nge2 Qa5 13. Kb1
Qb4 14. Nb5 a5 15. Qxb4 15... axb4 $10) 11. Qxc3 Nf6 ({9:-0.92} 11... Nf6 12.
Bh6 Re8 13. Ne2 Bd7 14. Rd2 Ba4 15. Qd3 15... Qc7 $16) ({9:-0.79} 11... Re8 12.
Be2 Na4 13. Qc2 Qa5 14. Bd2 Qa6 15. Bh6 15... Ne5 $16) 12. Kb1 Na4 13. Qd2 Rb8
({9:-1.10} 13... Rb8 14. Bh6 Re8 15. b3 Nb6 16. Ne2 Bd7 17. Qg5 17... Qc7 $16)
({9:-0.97} 13... Re8 14. Bh6 Kh8 15. b3 Nb6 16. Ne2 Ng8 17. Qc3+ f6 18. Bg5 $16
) 14. Ka1 Nh5 ({10:-1.06} 14... Nh5 15. Bh6 Re8 16. Ne2 Bd7 17. Ng3 Nf6 18. Qg5
b5 19. b3 $16) ({10:-0.77} 14... Re8 15. Bh6 Kh8 16. Ne2 Bd7 17. b3 Nb6 18. Kb1
e6 19. dxe6 19... Rxe6 $16) 15. Bh6 Re8 16. g4 Nf6 17. g5 Nh5 18. Be2 b5 19.
cxb5 Bd7 20. b3 Nb6 21. f4 Ng7 22. Qc3 f6 23. f5 gxf5 24. Qg3 f4 25. Qxf4 Rf8
26. Nf3 f5 27. e5 Nc8 28. a4 Qa5 29. Qd2 Qxd2 30. Rxd2 a6 31. bxa6 Rxb3 32. Ra2
Nb6 33. a5 Na8 34. h4 Rfb8 35. Rf1 Ne8 36. h5 Nac7 37. Nd2 Rc3 38. a7 Ra8 39.
e6 Nxe6 40. Nb1 Rg3 41. dxe6 Bxe6 42. Rb2 Rxa7 43. a6 Ra8 44. Rb7 Rg2 45. Nc3
Bc8 46. Bc4+ e6 47. Rxf5 Rxa6+ 48. Kb1 Rb6+ 49. Rxb6 Rg1+ 50. Kb2 Ng7 51. Rb8
Nxf5 52. Bxe6+ Kh8 53. Rxc8# 1-0

[Event "ICS Rated blitz match"]
[Site "207.99.83.227"]
[Date "1999.03.26"]
[Round "?"]
[White "jecare"]
[Black "Hossa"]
[Result "1-0"]
[WhiteElo "2856"]
[BlackElo "2513"]
[Annotator "Crafty v16.6"]
[PlyCount "138"]

{annotating for player Hossa using a scoring margin of +0.10 pawns. search
time limit is 12.00} 1. e4 1... c5 2. b4 cxb4 3. a3 e6 4. axb4 Bxb4 5. c3 Be7
6. d4 d6 7. Nf3 Nf6 8. Bd3 O-O 9. O-O Nc6 10. Nbd2 Bd7 11. Bb2 Rc8 ({8:+0.94} 
11... Rc8 12. Qe2 Nh5 13. Qe3 a5 14. d5 Ne5 15. Nxe5 15... dxe5 $17) ({8:+1.07
} 11... a5 12. Qe2 d5 13. Ng5 h6 14. Ngf3 dxe4 15. Nxe4 15... Ng4 $17) 12. Qb3
Qc7 ({8:+0.86} 12... Qc7 13. d5 Na5 14. Qb4 Bd8 15. Qd4 Qc5 16. c4 Qxd4 17.
Bxd4 $17) ({8:+1.11} 12... Nh5 13. d5 Na5 14. Qc2 Nf4 15. e5 Nxd3 16. Qxd3 dxe5
17. Nxe5 $17) 13. c4 Nh5 ({9:+0.89} 13... Nh5 14. d5 Na5 15. Qc3 b6 16. Nd4 e5
17. Nf5 17... Bg5 $17) ({9:+1.07} 13... a5 14. Bc3 Ra8 15. Rfb1 Rfb8 16. d5 Nd8
17. Qb6 Qxb6 18. Rxb6 $17) 14. g3 Qb8 ({8:+0.95} 14... Qb8 15. d5 Nd8 16. Rfe1
a6 17. Bf1 exd5 18. exd5 18... Re8 $17) ({8:+1.34} 14... a5 15. Bc3 Ra8 16.
Rfb1 Nd8 17. Qd1 b5 18. Ne5 $17) 15. Rfb1 Rc7 ({8:+0.71} 15... Rc7 16. d5 Nd8
17. Qd1 exd5 18. exd5 Bg4 19. Bd4 19... a6 $17) ({8:+0.97} 15... Qc7 16. Bf1 a6
17. d5 exd5 18. exd5 Na5 19. Qe3 19... Rfe8 $17) 16. d5 exd5 17. cxd5 Nd8 18.
Qa3 b6 19. Nc4 f6 20. Nfd2 Bb5 21. Be2 Nf7 22. Rc1 g6 23. Bxh5 gxh5 24. Ne3 a6
25. Nf5 Ne5 26. Nd4 Rxc1+ 27. Rxc1 Rc8 28. Nxb5 Rxc1+ 29. Bxc1 axb5 30. Qc3 h4
31. Nb3 Qe8 32. Nd4 Kh8 33. Nf5 hxg3 34. hxg3 Qd7 35. Bh6 b4 36. Qxb4 b5 37.
Qc3 Kg8 38. Qc8+ Bd8 39. Qb8 Qc7 40. Qxb5 Kf7 41. Be3 Be7 42. f4 Ng4 43. Qb2
Qa5 44. Bf2 Qc7 45. Bd4 h5 46. Qc3 Qb8 47. Qd3 Qb4 48. Kf1 Qb8 49. Ke2 Qb4 50.
Qc2 Qb7 51. Kd2 Qd7 52. Qc6 Qd8 53. Bb6 Qe8 54. Qc7 Kf8 55. Ke1 Nh2 56. Kf2
Ng4+ 57. Kg1 Qf7 58. Ba5 Qe8 59. Bb4 Qd8 60. Qb7 Ne3 61. Nxe3 Kg8 62. Nf5 Bf8
63. Kf2 Qe8 64. Bxd6 Qxe4 65. Qc8 Qxf5 66. Qxf5 Bxd6 67. Qg6+ Kf8 68. Qxf6+ Kg8
69. Qxd6 Kf7 1-0

[Event "ICS rated blitz match"]
[Site "207.99.83.227"]
[Date "1999.03.26"]
[Round "?"]
[White "WhiteHorse"]
[Black "Hossa"]
[Result "1/2-1/2"]
[WhiteElo "2376"]
[BlackElo "2509"]
[PlyCount "60"]

1. d4 Nf6 2. e3 e6 3. Bd3 Be7 4. f4 c5 5. Nf3 d5 6. O-O O-O 7. c3 b6 8. Qe2 Nc6
9. Nbd2 Bb7 10. Ne5 Rc8 11. Ndf3 Qe8 12. Bd2 Ne4 13. Rae1 cxd4 14. exd4 Nxe5
15. Nxe5 Bh4 16. g3 Bxg3 17. hxg3 Nxg3 18. Qg2 Nxf1 19. Rxf1 Ba8 20. Rf3 Qa4
21. Qf1 Qxa2 22. Qe1 Qxb2 23. Bxh7+ Kh8 24. Rh3 g6 25. Qh4 Qb1+ 26. Be1 Kg7 27.
Qh6+ Kf6 28. Qg5+ Kg7 29. Qh6+ Kf6 30. Qg5+ 30... Kg7 {
Game drawn by mutual agreement} 1/2-1/2

[Event "ICS rated blitz match"]
[Site "207.99.83.227"]
[Date "1999.03.26"]
[Round "?"]
[White "Hossa"]
[Black "Amateur"]
[Result "0-1"]
[WhiteElo "2503"]
[BlackElo "2454"]
[Annotator "Crafty v16.6"]
[PlyCount "116"]

{annotating for player Hossa using a scoring margin of +0.10 pawns. search
time limit is 12.00} 1. e4 1... e5 2. Nf3 Nc6 3. Bb5 a6 4. Ba4 ({9:-0.15} 4.
Ba4 4... Bc5 5. O-O Nge7 6. c3 O-O 7. d4 Bd6 8. Bg5 $10) ({9:+0.11} 4. Bxc6
4... dxc6 5. Nc3 Qd6 6. d4 exd4 7. Nxd4 c5 8. Nf5 Qxd1+ 9. Kxd1 Ne7 10. Re1 $10
) 4... Nf6 5. Qe2 ({9:-0.22} 5. Qe2 5... b5 6. Bb3 Bd6 7. O-O O-O 8. Nc3 Na5 9.
Bd5 Nxd5 10. Nxd5 $10) ({9:-0.08} 5. O-O 5... b5 6. Bb3 Bc5 7. a4 b4 8. Bd5 Qe7
9. Bxc6 9... dxc6 $10) 5... b5 6. Bb3 Be7 7. O-O d6 8. d3 ({9:-0.39} 8. d3 8...
Bg4 9. c3 Na5 10. Bc2 O-O 11. b4 Nc6 12. Bg5 $15) ({9:+0.19} 8. a4 8... Bg4 9.
axb5 Nd4 10. Qc4 d5 11. exd5 Bxf3 12. gxf3 axb5 13. Rxa8 bxc4 14. Rxd8+ 14...
Kxd8 $10) 8... Na5 9. Bd2 ({9:-0.46} 9. Bd2 9... Nxb3 10. axb3 Bg4 11. Bc3 O-O
12. d4 d5 13. exd5 exd4 14. Bxd4 14... Nxd5 $15) ({9:-0.30} 9. d4 9... exd4 10.
Nxd4 O-O 11. Na3 c5 12. Nf5 Nxb3 13. axb3 Bxf5 14. exf5 14... Re8 $10) 9...
Nxb3 10. axb3 O-O 11. Ra5 ({9:-0.64} 11. Ra5 11... Bg4 12. b4 c6 13. Ra1 d5 14.
Re1 d4 15. Na3 $15) ({9:-0.36} 11. d4 11... Bb7 12. dxe5 Nxe4 13. Bf4 Qd7 14.
exd6 cxd6 15. Nc3 Qg4 16. Nxe4 16... Qxf4 $15) 11... c6 12. d4 exd4 13. Nxd4
Bb7 14. Nf5 c5 15. Ra1 ({8:-0.31} 15. Ra1 15... Re8 16. f3 d5 17. e5 Bf8 18.
Nc3 18... Qd7 $15) ({8:-0.05} 15. Qe3 15... Bc8 16. Re1 Bxf5 17. exf5 Re8 18.
Na3 Ng4 19. Qe4 $10) 15... Re8 16. Ba5 Qd7 17. f3 d5 18. Bc3 b4 19. Nxe7+ Qxe7
20. Bxf6 Qxf6 21. Ra5 Qb6 22. Ra1 dxe4 23. fxe4 Bxe4 24. Qf2 Qa7 25. Ra5 Rac8
26. Ra1 Rc6 27. c4 Bxg2 28. Qxg2 Rg6 29. Qxg6 hxg6 30. Nd2 Qd7 31. Rf2 Qg4+ 32.
Kf1 Re6 33. Rg2 Rf6+ 34. Kg1 Qd4+ 35. Kh1 Rf2 36. Rxf2 Qxf2 37. Nf1 g5 38. Ng3
Qxb2 39. Rxa6 Qxb3 40. Ra7 Qd1+ 41. Kg2 b3 42. Ra8+ Kh7 43. Rb8 Qd2+ 44. Kh3 b2
45. Rb7 Qc1 46. Kg2 b1=Q 47. Rxb1 Qxb1 48. Nf1 Qc2+ 49. Kg1 Qxc4 50. Ng3 Kg6
51. Nh1 Qc1+ 52. Kg2 c4 53. h3 c3 54. Nf2 c2 55. Ne4 Qe3 56. h4 gxh4 57. Nf2
c1=Q 58. Nh1 Qcg1# 0-1

[Event "ICS rated blitz match"]
[Site "207.99.83.227"]
[Date "1999.03.26"]
[Round "?"]
[White "Hossa"]
[Black "Speedy"]
[Result "1-0"]
[WhiteElo "2485"]
[BlackElo "2264"]
[PlyCount "111"]

1. e4 c5 2. Bc4 a6 3. Nc3 b5 4. Bxf7+ Kxf7 5. Qh5+ g6 6. Qd5+ e6 7. Qxa8 Nc6 8.
Nf3 Qc7 9. d3 b4 10. Ne2 h6 11. Bf4 d6 12. Be5 Rh7 13. Nf4 Nxe5 14. Nxe5+ dxe5
15. Nxe6 Bxe6 16. Qxa6 Nf6 17. O-O Bd6 18. Qa8 Kg7 19. a3 Rh8 20. Qa6 Rb8 21.
axb4 cxb4 22. Qa7 Rb7 23. Qa8 g5 24. Ra6 Rb8 25. Qc6 Qxc6 26. Rxc6 Ne8 27. Ra1
Kf7 28. Ra7+ Be7 29. Ra5 Bf6 30. Ra7+ Be7 31. Ra5 Kf6 32. d4 Rc8 33. Rxc8 Bxc8
34. Rxe5 Ng7 35. c4 bxc3 36. bxc3 Ba6 37. Ra5 Bd3 38. f3 Ne6 39. e5+ Kf5 40.
g4+ Kf4 41. Ra7 Bf8 42. Rf7+ Ke3 43. d5 Nf4 44. d6 Be2 45. Rxf8 Nh3+ 46. Kg2
Nf4+ 47. Rxf4 gxf4 48. d7 Bxf3+ 49. Kh3 Be4 50. d8=Q f3 51. Qd4+ Kf4 52. e6 h5
53. gxh5 Kf5 54. e7 Kf4 55. e8=Q Kf5 56. Qee5# {Speedy checkmated} 1-0

[Event "ICS rated blitz match"]
[Site "207.99.83.227"]
[Date "1999.03.26"]
[Round "?"]
[White "Hossa"]
[Black "Speedy"]
[Result "1-0"]
[WhiteElo "2492"]
[BlackElo "2257"]
[PlyCount "25"]

1. e4 c5 2. Bc4 a6 3. Nc3 b5 4. Bxf7+ Kxf7 5. Qh5+ g6 6. Qd5+ e6 7. Qxa8 Nc6 8.
Nf3 Nge7 9. O-O h6 10. d3 b4 11. Na4 d6 12. e5 Qd7 13. Nb6 {Speedy resigns} 1-0